| 000 | 02210nam1a2200361 i 4500 | ||
|---|---|---|---|
| 001 | RU\NLR\bibl\1985665 | ||
| 005 | 20260408090430.0 | ||
| 010 |
_a9785905666063 _9200 |
||
| 035 | _a(NLR Aleph) 001974287 | ||
| 090 |
_a3999466 _c3999466 |
||
| 100 | _a20130110d2011 k y0rusy50 ca | ||
| 101 | 0 | _arus | |
| 102 | _aRU | ||
| 105 | _a||||z ||||| | ||
| 200 | 1 |
_aТеория и практика административного права и процесса _eматериалы VI Всероссийской научно-практической конференции с международным участием _e[в 2 ч. _fотв. ред.: проф. В.В. Денисенко, доц. А.Г. Эртель] |
|
| 210 |
_aРостов-на-Дону [и др.] _cИзд-во ИП Солодовникова А.Н. _d2011 |
||
| 215 | _d20 | ||
| 300 | _aВ надзаг.: Небуг. клуб административистов, Рос. юрид. ин-т МВД России, Ур. ин-т экономики. упр. и права, ЗАО "САНАР" (г. Саратов) | ||
| 320 | _aБиблиогр. в подстроч. прим. | ||
| 463 | 0 | _10011949759 | |
| 463 | 0 | _10011949754 | |
| 606 | 1 |
_aАдминистративное право _jСъезды, совещания и т.п. _yРоссийская Федерация _92077672 _3RU\NLR\auth\661253353 |
|
| 606 | 1 |
_aАдминистративный процесс _jСъезды, совещания и т.п. _yРоссийская Федерация _92078881 _3RU\NLR\auth\661254748 |
|
| 686 | _aХ621я431 | ||
| 686 | _aХ621.011-93я431 | ||
| 702 | 1 |
_aДенисенко _bВ. В. _4340 |
|
| 711 | 1 | 2 |
_a"Теория и практика административного права и процесса", всероссийская научно-практическая конференция с международным участием _d6 _eпос. Небуг, Краснодарский край _f2011 _9342467 _3RU\NLR\AUTH\8810228814 |
| 801 | 0 |
_aRU _bNLR _c20130110 _gRCR |
|
| 801 | 1 |
_aRU _bNLR _c20130110 |
|
| 852 |
_aNLR _j2012-3/28750 |
||
| 942 | _cBOOK | ||